Weiter zum Inhalt
VuFind
Sprache
English
Deutsch
Español
Français
Italiano
日本語
Nederlands
Português
Português (Brasil)
中文(简体)
中文(繁體)
Türkçe
עברית
Gaeilge
Cymraeg
Ελληνικά
Català
Euskara
Русский
Čeština
Suomi
Svenska
polski
Dansk
slovenščina
اللغة العربية
বাংলা
Galego
Tiếng Việt
Hrvatski
हिंदी
Alle Felder
Titel
Verfasser
Schlagwort
Signatur
ISBN/ISSN
Tag
Suchen
Erweitert
Suche
The mode
Zitieren
Als E-Mail versenden
Drucken
Datensatz exportieren
Exportieren nach RefWorks
Exportieren nach EndNoteWeb
Exportieren nach EndNote
permanent_link
Wird geladen...
The mode
Bibliographische Detailangaben
1. Verfasser:
Fox, L. W.
Sprache:
English
Exemplare
Beschreibung
Ähnliche Einträge
Internformat
LEADER
00243nam a22001097a 4500
003
OSt
008
100222t xxu||||| |||| 00| 0 eng d
080
|a
343.812(410)
|b
FOX
100
|a
Fox, L. W.
|9
10873
245
|a
The mode
942
|c
BACT
|6
_
999
|c
125975
|d
125975
Ähnliche Einträge
Modes.
von: Romanowska , Anna B.
Veröffentlicht: (2002)
Devil's mode /
von: Burgess, Anthony
Veröffentlicht: (1989)
Modes of fiction/
Veröffentlicht: (1970)
The devil's mode /
von: Burgess, Anthony
Veröffentlicht: (1990)
Modes of specification
von: White, M.J.D
Veröffentlicht: (1978)
Wird geladen...